Missing Word: Got Songs? Quiz Stats

 Plays Quiz Updated Jan 5, 2015

Challenge
Share
Tweet
Embed
Score 0/20 Timer 04:00
5 Plays Today
Title [w/ hints] Lyric % Correct
He's Got The Whole ______ In His HandsWorld
93.2%
I Got You ____Babe
90.2%
Janie's Got a ______Gun
83.1%
Baby Got ____Back
83.1%
You Really Got ____Me
79.5%
Got My ____ Set On YouMind
74.1%
I've Got The World On a _____String
70%
You've Got a _____Friend
68.5%
We Got The ____Beat
66%
Papa's Got a Brand New _____Bag
64.9%
Title [w/ hints] Lyric % Correct
I Gotta ______Feeling
61.9%
Mrs. Brown You've Got a Lovely ________Daughter
56.9%
I've Got a Lovely Bunch Of _________Coconuts
53.8%
I've Got a Rock N' Roll _____Heart
52.7%
She's Got a ___Way
41%
I Got ______Rhythm
37.2%
Everybody's Got ________ But MeSomebody
37.1%
I Ain't Got Nothing But The _____Blues
36.7%
We've Got ______Tonite
30.2%
Everybody's Got Something To ____ Except For Me And My MonkeyHide
20.9%

Today's Daily Dose

You're not logged in!

Compare scores with friends on all Sporcle quizzes.
OR
Log In

You Might Also Like...

Show Comments

Extras

Top Quizzes Today


Score Distribution

Your Account Isn't Verified!

In order to create a playlist on Sporcle, you need to verify the email address you used during registration. Go to your Sporcle Settings to finish the process.

Report this User

Report this user for behavior that violates our Community Guidelines.

Details: